Príprava a reakcie benzochinazolíndiónu diplomová práca

Guardado en:
Detalles Bibliográficos
Autor principal: Balónová, Barbora
Formato: Libro
Lenguaje:eslovaco
Publicado: Bratislava STU FCHPT 2015
Acceso en línea:Ver en el OPAC
Etiquetas: Agregar Etiqueta
Sin Etiquetas, Sea el primero en etiquetar este registro!

MARC

LEADER 00000nam a2200000 a 4500
005 20260127134040.0
008 160125 2015 000 0 slo d
035 |a vtls011468626 
039 9 |a 201601251426  |b mschk03  |y 201601251422  |z mschk03 
040 |a STUSCHK1  |b slo  |c STUSCHK1  |e AACR2 
100 1 |a Balónová, Barbora 
245 1 |a Príprava a reakcie benzochinazolíndiónu  |b diplomová práca  |c Barbora Balónová 
260 |a Bratislava  |b STU FCHPT  |c 2015 
300 |a 77 s.  |b il.  |c 25 cm 
500 |a Študijný program: technická chémia 
500 |a Študijný odbor: chémia, chemické technológie 
500 |a Školiace pracovisko: Odd. organickej chémie 
500 |a Evid. číslo: FCHPT-5459-43421 
910 |a SCHK95 
999 |c 2899  |d 2899